000 00612nam a2200205Ia 4500
001 6877
008 150331s1983 ii a g b000 u 465 u
020 _a0 297 78266 5
082 _a330
100 _aLipsey, Richard G..
245 0 _aAn Introduction to Positive Economics /
_cRichard G. Lipsey.
_hTextual Documents
250 _a6th ed. /
260 _aEngland :
_bELBS, English Language Book Society ,
_c1983.
300 _axxv, 790p. :
_bill. ;
_c24cm .
504 _aIndex
653 _aEconomics
653 _aPG-Economics
856 _uAcc no-83438 Shifted to General Sec From PG Sec
942 _2ddc
_cBK
999 _c6864
_d6864